000 01384nam0a2200349 4500
001 RU\NLR\bibl\1347293
005 20250615172609.0
010 _a978-5-297-01422-0
_bв пер.
_9500
021 _aRU
_b2009-5259
_9298
035 _a(nilc)RSL-KNO-004241614
035 _a(NLR Aleph) 001332412
090 _a808825
_c808825
100 _a20090225d2008 |||y0rusy50 ca
101 0 _arus
102 _aRU
105 _ay zzzz|||||
200 1 _aВоспоминания и размышления врача
_fА. У. Нуров
210 _aМахачкала
_cДагестанское кн. изд-во
_d2008
_eМахачкала
_gРесп. газ.-журн. тип.
215 _a252, [1] с.
_d21
600 1 _aНуров
_bА.У.
_f1937?
_gАхмет Убайдулаевич
_92548424
_3RU\NLR\auth\661508163
610 0 _aЗдравоохранение. Медицинские науки -- Персоналии -- Нуров Ахмед Убайдулаевич (р.1935г.) - врач
686 _aР.д(2)Нуров А.У.,0
_2rubbk
686 _aР.г(2Р-6Д)7д Нуров
700 1 _aНуров
_bА. У.
_gАхмед Убайдулаевич
_4070
801 0 _aRU
_bРКП
_c20090225
_grpk
801 1 _aRU
_bРГБ
_c20090225
801 2 _aRU
_bNLR
_c20090326
_grcr
830 _aавт. по кн.
942 _cBOOK
980 _aNB
980 _aNBR